Most popular female rappers as of 2024 - Statistics

General Stats
  • This quiz has been taken 155 times
    79 since last reset
  • The average score is 6 of 10
Answer Stats
Rank Answer % Correct
#3 Nicki Minaj
97%
#10 Cardi B
96%
#2 Megan Thee Stallion
94%
#7 Doja Cat
71%
#1 GloRilla
63%
#5 Latto
56%
#4 Sexyy Red
44%
#6 Doechii
43%
#8 JT
37%
#9 Rapsody
6%
No matching quizzes found
Score Distribution
Percent of People with Each Score
Percentile by Number Answered
Your Score History
You have not taken this quiz since the last reset